00560 2200181 4500245013200000020002200132250001100154700002200165700001800187100002300205650003700228005001900265260003300284041001400317084001200331300002600343336000900369 aEnsiklopedia Pemerintahan & Kewarganegaraan b : Sistem dan Bentuk Pemerintahan di Indonesia jilid 5cDrs. Hasyimsah dkkhText a978-979-3535-81-4 aCet. 1 aWidayat Priambodo aHenry T Purba aDrs. Hasyimsah dkk aPemerintahan dan Kewarganegaraan a20240926120905 aJakartabLENTERA ABADIc2010 aIndonesia aR 320.9 axi, 149 hlm, :c30 cm atext